MARC детайли
| 000 -Лидер |
| Контролно поле с фиксирана дължина |
02670njm a2200529 c 4500 |
| 003 - Код на организацията, давaща контролен номер |
| Контролно поле |
BLK |
| 005 - Дата и час на последна редакция |
| Контролно поле |
20180422121458.0 |
| 008 - Елементи от данни с фиксирана дължина |
| fixed length control field |
180410b bul||n||s|||||||| n|bulo| |
| 010 ## - Наследен системен номер |
| LC control number |
CDD00003995000 |
| 040 ## - Източник на каталожния запис |
| Идентификатор на билиотеката - собственик на записа |
BLK |
| 041 ## - Код за език |
| Код за езика на текст/звукозапис или на отделно заглавие |
Английски |
| Код за езика КДБФ |
Английски |
| 080 ## - УДК |
| Текстов определител УДК |
Опера. Музикална драма. Романтична опера. Опера-приказка |
| УДК код - определител по УДК |
782.1 |
| УДК определител |
|
| УДК - код + определител |
782.1 |
| 139 ## - Редно поле |
| Редна дума |
Ivanov, Emil |
| Авторски знак |
Iv - I 98 |
| 245 10 - Сведения за заглавието |
| Заглавие |
Emil Ivanov - Tenor [CD аудио] |
| Редно поле (дума) |
тенор Emil Ivanov; изп. Sofia Symphony Orchestra; диригент Stefan Linev; * Емил Иванов. |
| 257 ## - Страна на издаване |
| Страна на създаване/издаване |
България |
| 260 ## - Област на издателските данни |
| -- |
Sofia |
| Име на издателя, разпространителя и проч. |
Gega New |
| Година на издаване |
1995 |
| 300 ## - Физическа характеристика |
| Страници |
12 cm. Stereo |
| 306 ## - Продължителност на изпълнението |
| Времетраене |
50мин. 42сек. |
| 380 ## - Жанр |
| Жанр |
Изкуство |
| 505 ## - Форматирана забележка |
| Подзаглавни данни |
Recondita armonia |
| Авторската отговорност |
Giacomo Puccini; Джакомо Пучини. |
| Заглавие |
Cavaradossi : Tosca |
| 505 ## - Форматирана забележка |
| Подзаглавни данни |
E la solita storia |
| Авторската отговорност |
Francesco Cilea; Франческо Чилеа. |
| Заглавие |
Federico : Arlesiana |
| 505 ## - Форматирана забележка |
| Подзаглавни данни |
Cielo e mar |
| Авторската отговорност |
Amilcare Ponchielli; Амилкаре Пончиели. |
| Заглавие |
Enzo : Gioconda |
| 505 ## - Форматирана забележка |
| Подзаглавни данни |
Addio, florito asil |
| Авторската отговорност |
Giacomo Puccini; Джакомо Пучини. |
| Заглавие |
Pinkerton : Madame Butterfly |
| 505 ## - Форматирана забележка |
| Подзаглавни данни |
O, paradiso |
| Авторската отговорност |
Giacomo Meyerbeer; Джакомо Майербер. |
| Заглавие |
Vasco da Gama : L'Africana |
| 505 ## - Форматирана забележка |
| Подзаглавни данни |
Come un bel di |
| Авторската отговорност |
Umberto Giordano; Умберто Джордано. |
| Заглавие |
Andrea Chenier : Andre Chenier |
| 505 ## - Форматирана забележка |
| Подзаглавни данни |
E lucevan le stelle |
| Заглавие |
Cavaradossi : Tosca |
| 505 ## - Форматирана забележка |
| Подзаглавни данни |
Non piangere, Liu |
| Авторската отговорност |
Giacomo Puccini; Джакомо Пучини. |
| Заглавие |
Calaf : Turandot |
| 505 ## - Форматирана забележка |
| Подзаглавни данни |
Mamm, quel vino |
| Авторската отговорност |
Pietro Mascagni; Пиетро Маскани. |
| Заглавие |
Turridu : Cavalleria Rusticana |
| 505 ## - Форматирана забележка |
| Подзаглавни данни |
Recitar, vesti la giubba |
| Авторската отговорност |
Ruggierro Leoncavallo; Руджиеро Леонкавало. |
| Заглавие |
Canio : I Pgliacci |
| 505 ## - Форматирана забележка |
| Подзаглавни данни |
Donna non vidi mai |
| Авторската отговорност |
Giacomo Puccini; Джакомо Пучини. |
| Заглавие |
Des Grieux : Manon Lescaut |
| 505 ## - Форматирана забележка |
| Подзаглавни данни |
Colpito qui m'avete |
| Авторската отговорност |
Umberto Giordano; Умберто Джордано. |
| Заглавие |
Andrea Chenier : Andrea Chenier |
| 505 ## - Форматирана забележка |
| Подзаглавни данни |
I Pagliacci |
| Авторската отговорност |
Ruggierro Leoncavallo; Руджиеро Леонкавало. |
| Заглавие |
Canio : No! Pagliaccio non son... |
| 505 ## - Форматирана забележка |
| Подзаглавни данни |
Nessun dorma |
| Авторската отговорност |
Giacomo Puccini; Джакомо Пучини. |
| Заглавие |
Calaf : Turandot |
| 590 ## - Забележки на библиотеката, притежаваща документа (RLIN) |
| Служебно |
S.N: 104616 от КНИГИ |
| 650 #4 - Допълнително описание по предмет – тема |
| Основно описание – тема или топоним |
Опера |
| 9 (RLIN) |
165008 |
| 653 ## - Ключова дума – ненормативна |
| Ключова дума |
Опера |
| 653 ## - Ключова дума – ненормативна |
| Ключова дума |
тенори |
| 700 1# - Други автори (авторска отговорност) |
| Лично име |
Ivanov, Emil |
| Автороска отговорност (Описва отношението между автора и произведението) |
тенор |
| 9 (RLIN) |
354605 |
| 700 1# - Други автори (авторска отговорност) |
| Лично име |
Sofia Symphony Orchestra |
| Автороска отговорност (Описва отношението между автора и произведението) |
изп. |
| 9 (RLIN) |
354606 |
| 700 1# - Други автори (авторска отговорност) |
| Лично име |
Linev, Stefan |
| Автороска отговорност (Описва отношението между автора и произведението) |
диригент |
| 9 (RLIN) |
17068 |
| 700 1# - Други автори (авторска отговорност) |
| Лично име |
Иванов, Емил |
| Автороска отговорност (Описва отношението между автора и произведението) |
* |
| 9 (RLIN) |
370561 |
| 852 ## - Местоположение |
| Форматна сигнатура |
Цб CD 496 |
| Част |
14 |
| 856 4# - Електронен адрес и достъп |
| Електронен формат |
pdf - файл |
| Път до файла /url/ |
|
| 856 4# - Електронен адрес и достъп |
| Електронен формат |
pdf - файл |
| Път до файла /url/ |
|
| 942 ## - АРТИКУЛИ |
| Вид на библиотечния материал |
Компактдискове |
| Скрит в OPAC |
Не |
| 944 ## - СЪЗДАВАНЕ И РЕДАКЦИЯ на ЗАПИСА |
| Създаване/Редакция |
Създаване |
| Дата на регистрацията/редакция |
01.01.1999 |
| Служител, извършил регистрацията/редакцията |
AB_DOS |
| 944 ## - СЪЗДАВАНЕ И РЕДАКЦИЯ на ЗАПИСА |
| Създаване/Редакция |
Редакция |
| Дата на регистрацията/редакция |
15.01.2003 |
| Служител, извършил регистрацията/редакцията |
|
| 999 ## - СИСТЕМНИ КОНТРОЛНИ НОМЕРА |
| Koha biblionumber |
221736 |
| Koha biblioitemnumber |
221736 |